LDR 01028naa#a2200205#i#450# 001 RU\\bibl\121374 005 20260515135340.5 011 ## _a1994-4683 100 ## _a20230803b2023####ek#y0rusy0150####ca 102 ## _aRU 200 1# _aИНТЕРНЕТ КАК ФАКТОР ФОРМИРОВАНИЯ ЦЕННОСТЕЙ СОВРЕМЕННЫХ ПОДРОСТКОВ _eЖурнальная статья 210 1# _aМосква _cНациональный государственный Университет физической культуры, спорта и здоровья им. П.Ф. Лесгафта _d2023 215 ## _a5 с. 608 ## _aЖурнальная статья _2local 675 ## _aРазвитие и формирование психики. Сравнительная психология Психология животных. 159.92 _z 700 #1 _aРослякова _gС В 700 #1 _aПташко _gТ Г 700 #1 _aПеребейнос _gА Е 700 #1 _aПавленко _gЕ Ф 856 4# _auchzapiski.lesgaft.spb.ru _u